000 00394nam a2200133 i 4500
001 bg
100 1 _aLUBCZYŃSKI, Maciej G.
245 1 0 _aWybrane zagadnienia projektowania pojazdów samochodowych.
_nCz. 1,
_pProces projektowo-konstrukcyjny /
_cMaciej G. Lubczyński.
260 _aKielce,
_c1982.
040 _cBPK
041 _apol
942 _cKS
008 s pl f |000 0 pol
999 _c21065
_d21065
856 _uhttp://koha.tu.koszalin.pl/cgi-bin/koha/opac-detail.pl?biblionumber=21065
_yKatalog online BPK